|
|
|
|
| LEADER |
01152nam a2200385 4500 |
| 001 |
DLU110127103 |
| 005 |
##20111025 |
| 008 |
##991101s2000 inu 001 0 eng |
| 010 |
# |
# |
|a 99068489
|
| 020 |
# |
# |
|a 0672318989
|
| 040 |
# |
# |
|a DLC
|c DLC
|
| 042 |
# |
# |
|a pcc
|
| 082 |
# |
# |
|a 658.054 678
|b WA-S
|
| 100 |
# |
# |
|a Walther, Stephen.
|
| 245 |
# |
# |
|a Sams teach yourself E-Commerce programming with ASP in 21 days /
|c Stephen Walther, Jonathan Levine.
|
| 246 |
# |
# |
|a E-Commerce programming with ASP in 21 days
|
| 246 |
# |
# |
|a Teach yourself E-Commerce programming with ASP in 21 days
|
| 260 |
# |
# |
|a Indianapolis, Ind. :
|b Sams,
|c c2000.
|
| 300 |
# |
# |
|a 603 p. ;
|c 30 cm.
|
| 500 |
# |
# |
|a Includes index.
|
| 538 |
# |
# |
|a System requires Windows NT or Windows 2000 with Internet Information Server installed.
|
| 630 |
# |
# |
|a Active server pages.
|
| 650 |
# |
# |
|a Electronic commerce.
|
| 700 |
# |
# |
|a Levine, Jonathan.
|
| 923 |
# |
# |
|a 01/2011CT
|
| 991 |
# |
# |
|a GT
|
| 992 |
# |
# |
|a 0
|
| 994 |
# |
# |
|a KCT
|
| 900 |
# |
# |
|a True
|
| 911 |
# |
# |
|a Đào Thị Thu Huyền
|
| 925 |
# |
# |
|a G
|
| 926 |
# |
# |
|a A
|
| 927 |
# |
# |
|a SH
|
| 980 |
# |
# |
|a Thư viện Trường Đại học Đà Lạt
|